|
|
|
|
| LEADER |
00000nab a2200000 a 4500 |
| 001 |
vtls009622911 |
| 003 |
SK-MaSNL |
| 005 |
20260303230927.0 |
| 008 |
090701c2008 xo wr 0 0slo |
| 038 |
|
|
|a SLLK
|
| 040 |
|
|
|a SLLK
|b slo
|c sllk
|e AACR2
|
| 041 |
|
|
|a slo
|
| 044 |
|
|
|a xo
|c SK
|
| 080 |
|
|
|a 666.3/.7
|2 2001
|
| 245 |
0 |
0 |
|a Netradičný koníček sa keramikárke Silvii stal profesiou
|c Text a foto (ag)
|
| 300 |
|
|
|b Fotogr.
|
| 600 |
1 |
7 |
|a Kravčáková, Silvia
|2 sllk
|9 1265414
|
| 648 |
|
7 |
|a 2008
|2 snkbucl
|9 317238
|
| 650 |
0 |
7 |
|a umelecké remeslá
|2 snkbucl
|9 3094
|
| 650 |
0 |
7 |
|a keramika
|2 snkbucl
|9 3061
|
| 651 |
|
7 |
|a Stará Ľubovňa (Slovensko)
|2 snkbucl
|9 19193
|
| 773 |
0 |
|
|t Ľubovnianske noviny
|g Roč. XXXIV, č. 48 (2008), s. 2
|
| 999 |
|
|
|c 2264366
|d 2266296
|